000 00458nam a2200181Ia 4500
005 20250425162533.0
008 250425s9999 xx 000 0 und d
041 _aspa
082 _a659.1
110 _aASOCIACION ECUATORIANA DE AGENCIAS DE PUBLICIDAD
245 0 _a40 AÑOS DE UNA PASION
250 _a1A ED.
260 _aEcuador
_bAEAP
_c1950
260 _aGUAYAQUIL
650 _aAGENCIAS DE PUBLICIDAD-ECUADOR
942 _c01
010 _a83739
999 _c231241
_d231241